| 000 | 00981cam a22002891 4500 | ||
|---|---|---|---|
| 001 | 12966 | ||
| 003 | BD-RjUL | ||
| 005 | 20211208235401.0 | ||
| 008 | 140130s1961 nyua b 001 0 eng | ||
| 035 | _a(BD-RjUL)13016 | ||
| 040 |
_aDLC _cDLC _dDLC _dICU _beng |
||
| 041 | _aeng | ||
| 082 | 0 | 0 |
_a593.17 _bCOC 1961 |
| 100 | 1 |
_aCorliss, John O. _940409 |
|
| 245 | 1 | 4 |
_aThe ciliated protozoa : _bcharacterization, classification, and guide to the literature / _cJohn O Corliss |
| 260 |
_aNew York : _bPergamon Press, _c1961. |
||
| 300 |
_a310 p. ; _billus. ; _c23 cm. |
||
| 490 | 1 | _aInternational series of monographs on pure and applied biology. Division: zoology, v. 7 | |
| 504 | _aIncludes Index and bibliography. | ||
| 650 | 0 |
_aCiliata. _940410 |
|
| 650 | 0 |
_aCiliata _xBibliography. _940411 |
|
| 830 | 0 |
_vv. 7. _940414 |
|
| 830 | 0 |
_aInternational series of monographs on pure and applied biology. _940415 |
|
| 942 |
_2ddc _cBK |
||
| 999 |
_c12966 _d12966 |
||